000 00587cam a2200193 a 4500
001 000007751
005 20200929154303.0
008 760803s1968 sp 000 f spa d
040 _aDO-SdBNP
_bspa
_cBNPHU
082 _a863.6
_bC392fa
100 1 _aCela, Camilo José,
_d1916-2002
_93188
245 1 3 _aLa familia de Pascual Duarte /
_cCamilo José Cela.
260 _aBarcelona :
_bDestino,
_c1968.
300 _a186 p. ;
_c19 cm.
490 1 _aÁncora y delfín
_v63
650 4 _aNovela española
_91123
650 4 _aLiteratura española
_9632
830 0 _aÁncora y delfín ;
_v63
_94704
999 _c7529
_d7529